Min turāthinā al-shaʻbī / (Record no. 49777)

MARC details
000 -LEADER
fixed length control field 00806cam a22002411a 4500
001 - CONTROL NUMBER
control field ne 67001558
003 - CONTROL NUMBER IDENTIFIER
control field DLC
005 - DATE AND TIME OF LATEST TRANSACTION
control field 20260227111834.0
008 - FIXED-LENGTH DATA ELEMENTS--GENERAL INFORMATION
fixed length control field 851118s1966 iq b f000 0 ara
010 ## - LIBRARY OF CONGRESS CONTROL NUMBER
LC control number ne 67001558
035 ## - SYSTEM CONTROL NUMBER
System control number (OCoLC)12814213
040 ## - CATALOGING SOURCE
Original cataloging agency DLC
Transcribing agency WaU
Modifying agency WaU
-- DLC
043 ## - GEOGRAPHIC AREA CODE
Geographic area code a-iq---
050 00 - LIBRARY OF CONGRESS CALL NUMBER
Classification number GR295.I7
Item number A7
100 1# - MAIN ENTRY--PERSONAL NAME
Personal name ʻAlwachī, ʻAbd al-Ḥamīd.
245 10 - TITLE STATEMENT
Title Min turāthinā al-shaʻbī /
Statement of responsibility, etc. taʼlīf ʻAbd al-Ḥamīd al-ʻAlwajī.
260 ## - PUBLICATION, DISTRIBUTION, ETC.
Place of publication, distribution, etc. Baghdād :
Name of publisher, distributor, etc. Mudīrīyat al-Funūn wa-al-Thaqāfah al-Shaʻbīyah fī Wizārat al-Thaqāfah wa-al-Irshād,
Date of publication, distribution, etc. 1966.
300 ## - PHYSICAL DESCRIPTION
Extent 243 p. ;
Dimensions 22 cm.
490 0# - SERIES STATEMENT
Series statement al-Silsilah al-thaqāfīyah ;
Volume/sequential designation 13
504 ## - BIBLIOGRAPHY, ETC. NOTE
Bibliography, etc. note Includes bibliographical references.
650 #0 - SUBJECT ADDED ENTRY--TOPICAL TERM
Topical term or geographic name entry element Folklore
Geographic subdivision Iraq.
651 #0 - SUBJECT ADDED ENTRY--GEOGRAPHIC NAME
Geographic name Iraq
General subdivision Social life and customs.

No items available.

Powered by Koha